When We Were Orphans (Record no. 153828)

MARC details
000 -LEADER
fixed length control field 00480nam a22001817a 4500
005 - DATE AND TIME OF LATEST TRANSACTION
control field 20191022140925.0
010 ## - LCCN (DPL NO)
LC control number B-691397
020 ## - INTERNATIONAL STANDARD BOOK NUMBER
International Standard Book Number 9708571283897
Terms of availability 599.00
035 ## - SYSTEM CONTROL NUMBER
System control number B-691397
037 ## - SOURCE OF ACQUISITION
Source of stock number/acquisition Faber and Faber
082 ## - DEWEY DECIMAL CLASSIFICATION NUMBER
Classification number S
100 ## - MAIN ENTRY--PERSONAL NAME
Personal name Ishiguro, Kazuo
245 ## - TITLE STATEMENT
Title When We Were Orphans
Statement of responsibility, etc by Kazuo Ishiguro
260 ## - PUBLICATION, DISTRIBUTION, ETC. (IMPRINT)
Place of publication, distribution, etc London
Name of publisher, distributor, etc Faber and Faber
Date of publication, distribution, etc 2013
300 ## - PHYSICAL DESCRIPTION
Extent 535p.
Dimensions 19cm(Pbk)
942 ## - ADDED ENTRY ELEMENTS (KOHA)
Source of classification or shelving scheme Dewey Decimal Classification
Item type English Books
Classification part S
Call number suffix KAZ
Holdings
Withdrawn status Lost status Not for loan Collection code Home library Current library Date acquired Full call number Barcode Koha item type
      Fiction Sarojini Nagar Sarojini Nagar 11/07/2018 S KAZ B-691397 English Books

© Delhi Public Library
Hit Counter
free hit counter